Escritores hispanoamericanos en "La América" (1857-1886) / (Record no. 8479)

MARC details
000 -LEADER
campo de control de longitud fija 00900nam a2200241 i 4500
001 - NÚMERO DE CONTROL
campo de control 8479
003 - IDENTIFICADOR DE NÚMERO DE CONTROL
campo de control ES-MaACL
005 - FECHA Y HORA DE LA ÚLTIMA TRANSACCIÓN
campo de control 20230906145451.0
007 - CAMPO FIJO DE DESCRIPCIÓN FÍSICA--INFORMACIÓN GENERAL
campo de control de longitud fija t|
008 - DATOS DE LONGITUD FIJA--INFORMACIÓN GENERAL
campo de control de longitud fija 920622s1990 sp |||| | spa d
080 ## - NÚMERO DE LA CLASIFICACIÓN DECIMAL UNIVERSAL
Número de la Clasificación Decimal Universal 016:86.0(7/8)
080 ## - NÚMERO DE LA CLASIFICACIÓN DECIMAL UNIVERSAL
Número de la Clasificación Decimal Universal 86.0(7/8):016
080 ## - NÚMERO DE LA CLASIFICACIÓN DECIMAL UNIVERSAL
Número de la Clasificación Decimal Universal 014.3:05(464.1)La América
080 ## - NÚMERO DE LA CLASIFICACIÓN DECIMAL UNIVERSAL
Número de la Clasificación Decimal Universal 05(46)La América
100 1# - ENTRADA PRINCIPAL--NOMBRE DE PERSONA
Nombre de persona Hernández Prieto, María Isabel.
9 (RLIN) 63028
245 10 - MENCIÓN DEL TÍTULO
Título Escritores hispanoamericanos en "La América" (1857-1886) /
Mención de responsabilidad, etc. Mª Isabel Hernández Prieto.
260 ## - PUBLICACIÓN, DISTRIBUCIÓN, ETC.
Lugar de publicación, distribución, etc. Madrid :
Nombre del editor, distribuidor, etc. Universidad Complutense,
Fecha de publicación, distribución, etc. 1990-1991.
300 ## - DESCRIPCIÓN FÍSICA
Extensión p. 13-27, 13-31 ;
Dimensiones 25 cm.
500 ## - NOTA GENERAL
Nota general Separatas de: Anales de literatura hispanoamericana, n. 19 y n. 20.
630 #3 - PUNTO DE ACCESO ADICIONAL DE MATERIA--TÍTULO UNIFORME
Título uniforme La América (Madrid. 1857)-
Subdivisión de forma Índices.
9 (RLIN) 148652
650 14 - PUNTO DE ACCESO ADICIONAL DE MATERIA--TÉRMINO DE MATERIA
Término de materia o nombre geográfico como elemento de entrada Literatura hispanoamericana-
Subdivisión cronológica S.XIX-
Subdivisión general Bibliografías.
9 (RLIN) 14608
852 ## - LOCALIZACIÓN
Ubicación ES-MaACL
Número de control de estantería L-15825
Sublocalización o colección R.120453
condición física . - Ded. autógr. de la autora
Holdings
Estatus retirado Estado de pérdida Estado de daño No para préstamo Biblioteca de origen Biblioteca actual Ubicación en estantería Fecha de adquisición Fuente de adquisición Total de préstamos Signatura topográfica completa Código de barras Visto por última vez Precio de reemplazo Tipo de ítem Koha
        Biblioteca del Ateneo de Madrid Biblioteca del Ateneo de Madrid Depósito 2 17/01/2008     L-15825 1008659 23/02/2023 23/02/2023 Libro impreso